LEADER 00589nam a2200169 i 4500 001 000000154982 003 CaOOAMICUS 005 20061030000000.0 008 061030s1929 it u000 u ita u 013 $a132331 040 $aSeMil$bita 245 10$aPer mari e cordigliere. 300 $a181 p. 773 0 $aFalchi, Giuseppe$tSette anni in Bolivia.$dRoma : Desclée & C.-Editori Pontifici, 1929.$gVolume1$w()16703 850 $aSeMil 852 $aSeMil$W1$xVenegono$y1$m4Y III 161$j106833$B106833$CSeMilBibl$Z2$F116094 $81 996 $6245$aPer mari e cordigliere$9(OLS)http://semarc/title/226912 LEADER 00813nam a2200181 i 4500 001 000000213325 003 CaOOAMICUS 005 20120519000000.0 008 120519s1944 xx u000 u lat u 013 $a192180 040 $aSeMil$bita 245 10$a[Sermones de Tempore in Evangelia :$bCapuae 1604]. 300 $a381 p. 650 4$aTeologia - Testi - Sec. 17.$0(OLS)http://semarc/subject/2241 773 0 $aBellarmino, Roberto $tOpera oratoria postuma adiunctis documentis variis ad gubernium animarum spectantibus.$dRomae : Apud. Pont. Universitatis Gregorianae, 1942-1969.$gVol.5$w()26780 850 $aSeMil 852 $aSeMil$W1$xVenegono$y1$m2D IV 92$j163755$B163755$CSeMilBibl$Z2$F174811 $81 996 $6245$a[Sermones de Tempore in Evangelia :$bCapuae 1604]$9(OLS)http://semarc/title/307589